Learning to live with cheaper oil policy adjustment in oil-exporting countries of the Middle East and Central Asia
Enregistré dans:
| Auteur principal: | |
|---|---|
| Format: | Livre |
| Langue: | anglais |
| Publié: |
Washington, D.C.
International Monetary Fund
2016
|
| Sujets: | |
| Tags: |
Pas de tags, Soyez le premier à ajouter un tag!
|
MARC
| LEADER | 00000nam a2200000 4500 | ||
|---|---|---|---|
| 001 | 0221261 | ||
| 005 | 20221107101023.5 | ||
| 020 | |a 978-1-51352-048-3 | ||
| 041 | 0 | |a eng | |
| 044 | |a US | ||
| 245 | 1 | 0 | |a Learning to live with cheaper oil |b policy adjustment in oil-exporting countries of the Middle East and Central Asia |c Martin Sommer ... [et al.] |
| 264 | 1 | |a Washington, D.C. |b International Monetary Fund |c 2016 | |
| 300 | |a 51 s. | ||
| 610 | 2 | 0 | |a rozvoj hospodársky |
| 610 | 2 | 0 | |a podmienky hospodárske |
| 610 | 2 | 0 | |a zdroje energetické |
| 610 | 2 | 0 | |a ropa |
| 610 | 2 | 0 | |a plyn |
| 610 | 2 | 0 | |a ceny |
| 610 | 2 | 0 | |a politika fiškálna |
| 610 | 2 | 0 | |a politika finančná |
| 610 | 2 | 0 | |a stabilita finančná |
| 610 | 2 | 0 | |a zamestnanosť |
| 610 | 2 | 0 | |a Stredný východ |
| 610 | 2 | 0 | |a Ázia |
| 100 | 1 | |a Sommer, Martin | |